Guess the Mystery Song by Guessing Lyrics #3 - Statistics

General Stats
  • This quiz has been taken 270 times
  • The average score is 68 of 140
Answer Stats
Lyrics % Correct
I
99%
a
96%
you
94%
an
78%
to
77%
And
71%
be
67%
want
67%
your
61%
don't
59%
is
59%
No,
59%
(No,
59%
in
56%
are,
51%
have
43%
as
40%
As
40%
were
40%
that
35%
up
30%
Come
29%
time,
25%
yours,
23%
Take
22%
friend,
21%
friend
21%
gun
15%
gun)
15%
Nirvana - Come As You Are
15%
Well,
14%
old
12%
Ria
12%
enemy
11%
hurry
11%
late
11%
swear
9%
Choice
7%
memoria
6%
Memoria
6%
(Memoria)
6%
rest
6%
trend,
5%
bleach
4%
doused
4%
mud,
4%
soaked
4%
No matching quizzes found
Score Distribution
Percent of People with Each Score
Percentile by Number Answered
Your Score History
You have not taken this quiz